Responses for Show #8848 - Wednesday, April 12, 2023

Ben Chan game 1.

Contestants

[<< previous game]

Ben Chan, a philosophy professor from Green Bay, Wisconsin

Laura Caton, a nonprofit arts administrator from Pittsburgh, Pennsylvania

Kat Jepson, an artist originally from Virginia Beach, Virginia (whose 1-day cash winnings total $20,399)

[next game >>]

Jeopardy! Round responses

HISTORIC CANADA
HOW ARE YOU FEELING?
SAY THE ROMAN NUMERAL
DINING OUT
DOGGIE BAG
LEFTOVERS
    $200 25
Parliament (the House of Commons)

Ben!
    $200 26
happy

Ben!
    $200 27
MIX

Ben!
    $200 28
Florida

Ben!
    $200 29
Alaska

Kat
    $200 30
Pixar

Laura
    $400 21
Montreal

Ben!
    $400 4
numb

Kat
    $400 24
DI

Ben!
    $400 20
Outback

Ben!
    $7,000 23
(Ben: What are a Dalmatian and a Corgi?)

a Corgi & a Dachshund

Ben!
    $400 22
Charlotte

Ben!
    $600 10
the Blue Jays

Ben!
    $600 3
restless

Kat
    $600 18
IX

Ben!
    $600 5
Caesar's Palace

Kat
    $600 16
sheepdog

Ben!
    $600 15
Michael

Ben!
    $800 8
Prince Edward Island

Ben!
    $800 1
vanity (pride)

Ben!
    $800 17
(Laura: Mm--what is pi?)
(Ben: What is phi?)

XI

LauraBen!
Triple Stumper
    $800 6
(Kat: What is Magnolia?)

Magnolia Table

Kat
Triple Stumper
    $800 11
Akitas

Ben!
    $800 13
Pigeon Forge, Tennessee

Triple Stumper
    $1000 9
(Ben: What is Labour?)

the Liberal Party

Ben!
Triple Stumper
    $1000 2
melancholy

Laura
    $1000 19
DIX

Ben!
    $1000 7
BaoHaus

Ben!
    $1000 12
Ridgeback

Ben!
    $1000 14
88

Ben!

Scores at the first commercial break (after clue 15):

Kat Laura Ben!
$800 $1,000 $5,600

Scores at the end of the Jeopardy! Round:

Kat Laura Ben!
$1,000 $400 $2,400

Double Jeopardy! Round responses

ONE-WORD PLAY TITLES
LOST WITH THE TITANIC
ACTING THE OSCAR-WINNING PART
IN THE DICTIONARY
OUR NATION OF IMMIGRATION
THIS LAND IS "UR" LAND
    $400 12
Macbeth

Kat
    $400 1
Tiffany

Ben!
    $400 30
(Renée) Zellweger

Ben!
    $400 25
patty cake

Ben!
    $400 27
(Kat: What is Kenya?)
...
(Ken: You can see the flag; he's actually in [*], although I don't believe there's an apostrophe in Obama.)
[Laughter]

Ireland

Kat
Triple Stumper
    $400 28
Burma

Laura
    $800 16
Amadeus

Laura
    $800 18
Conrad

Kat
    $800 29
(Ken: That's correct, kind of a Broadway clue for you.)

Jennifer Hudson

Laura
    $800 24
spiel

Laura
    $800 26
San Francisco

Ben!
    $800 6
Honduras

Kat
    $2,800 3
Fences

Ben!
    $1200 13
the Salon

Triple Stumper
    $1200 19
Joel Grey

Laura
    $1200 9
a utility

Ben!
    $1200 23
Djimon Hounsou

Triple Stumper
    $1200 5
(Ken: This time it's [*].)
[Laughter]

Uruguay

Kat
    $1600 2
(Ken: I saw this on Broadway, Laura, what is [*]?)

Wit

Triple Stumper
    $1600 14
a Coupe DeVille

Laura
    $1600 21
Daniel Kaluuya

Kat
    $1600 10
chattel

Ben!
    $1600 8
the Hmong

Kat
    $1600 4
(Kat: What is Uruguay?)

Suriname

Kat
Triple Stumper
    $2000 17
Tartuffe

Laura
    $2000 15
the Rubáiyát

Ben!
    $2000 20
(Ken: It's a great movie and it's got [*] in it.)

Tilda Swinton

Triple Stumper
    $1,000 11
demitasse

Ben!
    $2000 22
Oaxaca

Ben!
    $2000 7
Burkina Faso (Upper Volta)

Ben!

Scores at the end of the Double Jeopardy! Round:

Kat Laura Ben!
$5,400 $8,000 $17,000
(lock game)

[wagering suggestions for these scores]

Final Jeopardy! Round responses

THE BILL OF RIGHTS
(Ken: [To Kat] The prohibition on cruel and unusual punishment is in [*].)
...
(Ken: [To Ben] So close--I wish I could give you have credit for plus or minus 1, but no.)
KatWhat is the 8th amendment?
$5,400
LauraWhat is the Fourth Amendment?)
$2,801
Ben!What is the 7th?
$999
the 8th Amendment

Final scores:

Kat Laura Ben!
$10,800 $5,199 $16,001
2nd place: $2,000 3rd place: $1,000 New champion: $16,001

Game dynamics:

Coryat scores:

Kat Laura Ben!
$5,400 $8,000 $23,400
10 R,
3 W
9 R,
1 W
30 R
(including 2 DDs),
3 W
(including 1 DD)

Combined Coryat: $36,800

[game clues] [game scores] [suggest correction]

Game tape date: 2023-01-18
The J! Archive is created by fans, for fans. Scraping, republication, monetization, and malicious use prohibited; this site may use cookies and collect identifying information. See terms. The Jeopardy! game show and all elements thereof, including but not limited to copyright and trademark thereto, are the property of Jeopardy Productions, Inc. and are protected under law. This website is not affiliated with, sponsored by, or operated by Jeopardy Productions, Inc. Join the discussion at JBoard.tv.